Contabilidad y presentacion de estados financieros / (Registro nro. 24283)

Detalles MARC
000 -LEADER
fixed length control field 01219nam a2200337 a 4500
003 - CONTROL NUMBER IDENTIFIER
control field CO-CtgCURN
005 - DATE AND TIME OF LATEST TRANSACTION
control field 20250331185244.0
007 - PHYSICAL DESCRIPTION FIXED FIELD--GENERAL INFORMATION
fixed length control field ta
008 - FIXED-LENGTH DATA ELEMENTS--GENERAL INFORMATION
fixed length control field 140228s2012 000 0 eng d
020 ## - INTERNATIONAL STANDARD BOOK NUMBER
International Standard Book Number 9789588371740
040 ## - CATALOGING SOURCE
Original cataloging agency CO-CtgCURN
Language of cataloging spa
Transcribing agency coctgcurn
082 04 - DEWEY DECIMAL CLASSIFICATION NUMBER
Classification number 657.3
Item number G589
Edition information 23
100 1# - MAIN ENTRY--PERSONAL NAME
Personal name Godoy Ramírez, Eduardo.
245 10 - TITLE STATEMENT
Title Contabilidad y presentacion de estados financieros /
Statement of responsibility, etc. Eduardo Godoy Ramírez.
250 ## - EDITION STATEMENT
Edition statement 2a edicion.
260 ## - PUBLICATION, DISTRIBUTION, ETC.
Place of publication, distribution, etc. Bogotá :
Name of publisher, distributor, etc. Nueva Legislacion Ltda.,
Date of publication, distribution, etc. 2012.
300 ## - PHYSICAL DESCRIPTION
Extent 582 paginas ;
Dimensions 24 cm.
336 ## - CONTENT TYPE
Source rdacontent
337 ## - MEDIA TYPE
Source rdamedia
Media type term sin mediacion
Media type code n
338 ## - CARRIER TYPE
Source rdacarrier
Carrier type term volumen
Carrier type code nc
500 ## - GENERAL NOTE
General note Contiene indice.
588 ## - SOURCE OF DESCRIPTION NOTE
Source of description note Description based on online resource; title from PDF title page (ebrary, viewed February 28, 2014)
650 14 - SUBJECT ADDED ENTRY--TOPICAL TERM
Topical term or geographic name entry element Estados financieros.
650 14 - SUBJECT ADDED ENTRY--TOPICAL TERM
Topical term or geographic name entry element Contabilidad.
690 #9 - LOCAL SUBJECT ADDED ENTRY--TOPICAL TERM (OCLC, RLIN)
Topical term or geographic name as entry element Financial statements
690 #9 - LOCAL SUBJECT ADDED ENTRY--TOPICAL TERM (OCLC, RLIN)
Topical term or geographic name as entry element Accounting
690 #9 - LOCAL SUBJECT ADDED ENTRY--TOPICAL TERM (OCLC, RLIN)
Topical term or geographic name as entry element Balance financiero
856 40 - ELECTRONIC LOCATION AND ACCESS
Public note Texto completo
Uniform Resource Identifier <a href="http://ZV4FY5PR5L.search.serialssolutions.com/?V=1.0,L=ZV4FY5PR5L,S=JCs,C=TC0001154949,T=marc,tab=BOOKS">http://ZV4FY5PR5L.search.serialssolutions.com/?V=1.0,L=ZV4FY5PR5L,S=JCs,C=TC0001154949,T=marc,tab=BOOKS</a>
942 ## - ADDED ENTRY ELEMENTS (KOHA)
Koha item type Libros
Classification part 657.3
Item part G589
Source of classification or shelving scheme Dewey Decimal Classification
Existencias
Withdrawn status Lost status Source of classification or shelving scheme Damaged status Not for loan Collection Home library Current library Shelving location Date acquired Total checkouts Full call number Barcode Date last seen Price effective from Koha item type Public note
    Dewey Decimal Classification     General Miguel Henríquez Castañeda Miguel Henríquez Castañeda General 03/31/2025   657.3 G589 018238 03/31/2025 03/31/2025 Libros 650-ADMINS